000 00670nam a22001937a 4500
999 _c180607
_d180607
005 20210812123810.0
010 _aENG-129842
020 _c695.00
_a978-81-7658-082-3
035 _aEN-113374
037 _bDBAD/PUB
082 _a361.3071054
100 _aGhosh, P.K.
245 _aReaching the unreached with Social Work Education:
_bThe Gracious Way/
_cP.K. Ghosh, Aneesh Kurian
250 _a2016
260 _bUppal Publishing House
_c2016
_aNew Delhi
270 _a23 Ansari Road ,Darya ganj
_bNew Delhi
_e110002
_k011-23273756
_muppalbooks@gmail.com
300 _a218 p.
_c22cm (hbk)
_bIndex, Bibiliography
942 _2ddc
_cEN
_h361.3071054
_kGHO